|
|
|
|
| LEADER |
00940nam a2200253 a 4500 |
| 001 |
13997822 |
| 008 |
120703s2004 enk j 000 f eng d |
| 010 |
|
|
|a 2005277329
|
| 020 |
|
|
|a 0521752256
|
| 020 |
|
|
|a 9780521752251
|
| 035 |
|
|
|a (OCoLC)ocm48534408
|
| 040 |
|
|
|a UKM
|c UKM
|d OCLCQ
|d BAKER
|d DLC
|d BD-DhAAL
|
| 082 |
0 |
4 |
|a 428.6
|2 21
|
| 100 |
1 |
|
|a Rose, Gerald.
|
| 245 |
1 |
0 |
|a Sam's cafe /
|c Gerald Rose.
|
| 260 |
|
|
|a Cambridge :
|b Cambridge University Press,
|c c2004.
|
| 300 |
|
|
|a 24 p. ;
|c 23 cm.
|
| 490 |
0 |
|
|a Cambridge storybooks
|
| 541 |
1 |
|
|e 00025480
|
| 655 |
|
7 |
|a Readers (Elementary)
|2 lcsh
|
| 655 |
|
7 |
|a Children's stories.
|2 lcsh
|
| 852 |
1 |
|
|a Ayesha Abed library
|c General Shelf
|
| 999 |
|
|
|c 12459
|d 12459
|
| 952 |
|
|
|0 0
|1 0
|2 ddc
|4 0
|6 428_600000000000000_ROS
|7 0
|9 20612
|a BRACUL
|b BRACUL
|c GEN
|d 2012-07-03
|e Karim International
|g 623.50
|l 1
|m 1
|o 428.6 ROS
|p 3010025480
|r 2024-02-18
|s 2024-02-06
|t 1
|w 2012-07-03
|y BK
|x Transferred from BIL to BRACUL on 06/06/22
|